Wybierz odpowiednią stolicę! - Statystyki

Ogólne statystyki
  • Ten quiz został rozwiązany 959 razy
  • Średni wynik to 70 z 80
Statystyki odpowiedzi
Zagadnienie Komórka Select % Poprawnych
Francja Andora Nie
98%
Polska Berlin Nie
98%
Francja Berlin Nie
98%
Francja Bruksela Nie
98%
Polska Kijów Nie
98%
Polska Kopenhaga Nie
98%
Polska Moskwa Nie
98%
Francja Rzym Nie
98%
Francja Lyon Nie
97%
Kazachstan Moskwa Nie
97%
Francja Paryż Tak
97%
Francja Tuluza Nie
97%
Australia Berlin Nie
96%
Polska Kraków Nie
96%
Polska Łódź Nie
96%
Francja Marsylia Nie
96%
Australia Nowy Jork Nie
96%
Urugwaj Rio De Jeneiro Nie
96%
Australia Suva Nie
96%
Kazachstan Szanghaj Nie
96%
Polska Warszawa Tak
96%
Australia Auckland Nie
95%
Urugwaj Buenos Aires Nie
95%
Polska Gdańsk Nie
95%
Tajlandia Pekin Nie
95%
Urugwaj Sucre Nie
95%
Urugwaj Trinidad Nie
95%
Indonezja Sydney Nie
94%
Australia Wellington Nie
94%
Maroko Algier Nie
93%
Maroko Bamako Nie
93%
Maroko Fez Nie
93%
Tajlandia Hong Kong Nie
93%
Maroko Nawakszut Nie
93%
Indonezja Port Moresby Nie
93%
Kazachstan Rijad Nie
93%
Maroko Tanger Nie
93%
Urugwaj Asuncion Nie
92%
Tajlandia Hajfong Nie
92%
Tajlandia Kolkata Nie
92%
Indonezja Surabaja Nie
92%
Kazachstan Biszkek Nie
91%
Kazachstan Duszanbe Nie
91%
Indonezja Lae Nie
91%
Indonezja Medan Nie
91%
Australia Melbourne Nie
91%
Maroko Tunis Nie
91%
Indonezja Dili Nie
90%
Tanzania Matola Nie
90%
Tajlandia Nowe Delhi Nie
90%
Kazachstan Kabul Nie
89%
Tajlandia Bombaj Nie
88%
Gabon Dakar Nie
88%
Tajlandia Hanoi Nie
88%
Urugwaj La Paz Nie
88%
Maroko Casablanca Nie
87%
Gabon Kumasi Nie
87%
Tanzania Mwanza Nie
87%
Gabon Port-Gentil Nie
87%
Tanzania Dar Es Salaam Nie
86%
Gabon Akra Nie
85%
Tanzania Lusaka Nie
85%
Urugwaj Santa Cruz Nie
85%
Tanzania Maputo Nie
84%
Tanzania Nairobi Nie
84%
Gabon Porto-Novo Nie
84%
Kazachstan Taszkent Nie
84%
Gabon Bandżul Nie
83%
Australia Sydney Nie
83%
Gabon Lome Nie
81%
Indonezja Kuala Lumpur Nie
79%
Australia Canberra Tak
75%
Tanzania Zanzibar Nie
74%
Maroko Rabat Tak
70%
Tajlandia Bangkok Tak
66%
Urugwaj Montevideo Tak
62%
Indonezja Jakarta Tak
59%
Kazachstan Nur-Sułtan Tak
58%
Gabon Libreville Tak
30%
Tanzania Dodoma Tak
25%
Nie znaleziono quizów pasujących do podanych kryteriów
Rozkład punktacji
Procent ludzi z każdym wynikiem
Percentyl według liczby udzielonych odpowiedzi
Twoja historia wyników
Nie rozwiązałeś tego quizu